Guardat en:
Dades bibliogràfiques
Format: Desconegut
Publicat: México D. F. :
Matèries:
Etiquetes: Afegir etiqueta
Sense etiquetes, Sigues el primer a etiquetar aquest registre!

MARC

LEADER 00000 a2200000 04500
001 10358
003
008 991231s d
040
090 |a 106001  
260 |a México D. F. :  
650 |a ACUERDOS ECONOMICOS  
650 |a INVERSIONES  
650 |a DEMOCRACIA  
650 |a DESARROLLO ECONOMICO Y SOCIAL  
650 |a DERECHOS HUMANOS  
650 |a OCDE  
650 |a ONU  
999 |c 6630  |d 6630